HOTEL FRONT OFFICE (Record no. 7027)

MARC details
000 -LEADER
fixed length control field 00305nam a2200133Ia 4500
008 - FIXED-LENGTH DATA ELEMENTS--GENERAL INFORMATION
fixed length control field 150301s2013 xx 000 0 und d
082 ## - DEWEY DECIMAL CLASSIFICATION NUMBER
Classification number 651.3
Item number AND
100 ## - MAIN ENTRY--PERSONAL NAME
Personal name ANDREWS, SUDHIR
245 ## - TITLE STATEMENT
Title HOTEL FRONT OFFICE
250 ## - EDITION STATEMENT
Edition statement 3RD
260 ## - PUBLICATION, DISTRIBUTION, ETC. (IMPRINT)
Name of publisher, distributor, etc. MC. GREW HILL EDU.
Date of publication, distribution, etc. 2013
300 ## - PHYSICAL DESCRIPTION
Extent 374
942 ## - ADDED ENTRY ELEMENTS (KOHA)
Source of classification or shelving scheme Dewey Decimal Classification
Koha item type Books
Holdings
Withdrawn status Lost status Source of classification or shelving scheme Damaged status Not for loan Collection code Home library Current library Date acquired Source of acquisition Cost, normal purchase price SGTU Bill Number Total Checkouts Full call number Barcode Date last seen Date last checked out Bill Date Koha item type
    Dewey Decimal Classification     HOTEL MANAGEMENT SGT Science & Social Sciences Library SGT Science & Social Sciences Library 02/07/2015 R.K BOOKS 375.00 SGTU IN514 3 651.3 AND HM116 17/05/2018 15/05/2018 17/06/2015 Books